The Payment of Gratuity Act 1972 (Record no. 22088)
[ view plain ]
| 000 -LEADER | |
|---|---|
| fixed length control field | 00345nam a22001457a 4500 |
| 008 - FIXED-LENGTH DATA ELEMENTS--GENERAL INFORMATION | |
| fixed length control field | 260224b |||||||| |||| 00| 0 eng d |
| 020 ## - INTERNATIONAL STANDARD BOOK NUMBER | |
| ISBN | 978-93-5603978-0 |
| 100 ## - MAIN ENTRY--AUTHOR NAME | |
| Personal name | Bare Act |
| 245 ## - TITLE STATEMENT | |
| Title | The Payment of Gratuity Act 1972 |
| 260 ## - PUBLICATION, DISTRIBUTION, ETC. (IMPRINT) | |
| Place of publication | New Delhi |
| Name of publisher | CLP |
| Year of publication | 2025 |
| 300 ## - PHYSICAL DESCRIPTION | |
| Number of Pages | 114 |
| 650 ## - SUBJECT ADDED ENTRY--TOPICAL TERM | |
| Topical Term | Law |
| 942 ## - ADDED ENTRY ELEMENTS (KOHA) | |
| Source of classification or shelving scheme | Dewey Decimal Classification |
| Koha item type | Books |
| Accession Number | Cost, normal purchase price | Bill Date | Source of acquisition | Price effective from | Koha item type | Withdrawn / writtenoff status | Damaged status | Not for loan | Permanent Location | Current Location | Shelving location | Date acquired | Lost/ Missing status | department |
|---|---|---|---|---|---|---|---|---|---|---|---|---|---|---|
| LLB 1917 | 175.00 | 03-02-2026 | Radha Krishna Anand & Co, Jammu | 02/24/2026 | Books | MIET Library, Jammu | MIET Library, Jammu | 209/3 | 02/06/2026 | BBA LLB | ||||
| LLB 1918 | 175.00 | 03-02-2026 | Radha Krishna Anand & Co, Jammu | 02/24/2026 | Books | MIET Library, Jammu | MIET Library, Jammu | 209/3 | 02/06/2026 | BBA LLB | ||||
| LLB 1919 | 175.00 | 03-02-2026 | Radha Krishna Anand & Co, Jammu | 02/24/2026 | Books | MIET Library, Jammu | MIET Library, Jammu | 209/3 | 02/06/2026 | BBA LLB | ||||
| LLB 1920 | 175.00 | 03-02-2026 | Radha Krishna Anand & Co, Jammu | 02/24/2026 | Books | MIET Library, Jammu | MIET Library, Jammu | 209/3 | 02/06/2026 | BBA LLB | ||||
| LLB 1921 | 175.00 | 03-02-2026 | Radha Krishna Anand & Co, Jammu | 02/24/2026 | Books | MIET Library, Jammu | MIET Library, Jammu | 209/3 | 02/06/2026 | BBA LLB |